000 00217nam a22000857a 4500
008 170327b xxu||||| |||| 00| 0 eng d
100 _93044
_aAggarwal.M.L.
245 _aLab Manual Biology-XI
260 _aNew Delhi
_bAPC
_c2010
999 _c6310
_d6310